Loading...
| History - European History | 0 | 5 | 0 | 1 | 50 | 72 | 105.80 | 0 | 3 |
| History - World History | 0 | 3 | 1 | 0 | 25 | 65 | 92.67 | 0 | 1 |
| Science - Biology | 0 | 2 | 0 | 0 | 20 | 46 | 80.00 | 1 | 1 |
| History - Other History | 0 | 2 | 1 | 0 | 15 | 48 | 82.50 | 0 | 2 |
| Fine Arts - Other Fine Arts | 0 | 1 | 0 | 1 | 10 | 135 | 135.00 | 0 | 1 |
| Geography/Current Events | 0 | 1 | 0 | 0 | 10 | 93 | 93.00 | 0 | 1 |
| History - American History | 0 | 1 | 0 | 0 | 10 | 124 | 124.00 | 0 | 1 |
| Literature - World/Other Literature | 0 | 1 | 0 | 0 | 10 | 114 | 114.00 | 0 | 0 |
| Science - Other Science | 0 | 1 | 0 | 1 | 10 | 113 | 113.00 | 0 | 0 |
| Philosophy | 0 | 1 | 1 | 0 | 5 | 121 | 121.00 | 0 | 1 |
| Social Science | 0 | 1 | 1 | 0 | 5 | 94 | 94.00 | 0 | 1 |
| Literature - European Literature | 0 | 0 | 0 | 0 | 0 | 0.00 | 0 | 0 | |
| Other Academic | 0 | 0 | 0 | 0 | 0 | 0.00 | 0 | 0 | |
| Religion | 0 | 0 | 1 | 0 | -5 | 0.00 | 0 | 0 | |
| Science - Physics | 0 | 0 | 1 | 0 | -5 | 0.00 | 0 | 0 |